[Event "Winnipeg TNT March op"]
[Site "Winnipeg CAN"]
[Date "2004.03.02"]
[Round "1"]
[White "Schulz, Waldemar"]
[Black "Kohalmi, Andy"]
[Result "1-0"]
[WhiteElo "2088"]
[BlackElo "1584"]
[PlyCount "47"]
[GameId "2160767911183659"]
[EventDate "2004.03.02"]
[EventType "swiss"]
[EventRounds "5"]
[EventCountry "CAN"]
[SourceTitle "EXT 2006"]
[Source "ChessBase"]
[SourceDate "2005.11.24"]
[SourceVersion "1"]
[SourceVersionDate "2005.11.24"]
[SourceQuality "1"]

1. d4 Nf6 2. c4 e6 3. g3 Bb4+ 4. Bd2 Bxd2+ 5. Nxd2 d5 6. Bg2 c6 7. Ngf3 Qa5 8. O-O O-O 9. Qc2 Nbd7 10. Rac1 Qc7 11. b4 dxc4 12. Nxc4 h6 13. e4 b6 14. Nce5 c5 15. Nxd7 Nxd7 16. dxc5 bxc5 17. bxc5 Ba6 18. Rfd1 Bb5 19. Nd4 a6 20. a4 e5 21. axb5 exd4 22. b6 Nxb6 23. cxb6 Qxb6 24. Rb1 1-0

[Event "Winnipeg TNT March op"]
[Site "Winnipeg CAN"]
[Date "2004.03.02"]
[Round "1"]
[White "Silva, T Romero"]
[Black "Melamedoff, Gustavo"]
[Result "0-1"]
[WhiteElo "1603"]
[BlackElo "2095"]
[PlyCount "124"]
[GameId "2160767911183660"]
[EventDate "2004.03.02"]
[EventType "swiss"]
[EventRounds "5"]
[EventCountry "CAN"]
[SourceTitle "EXT 2006"]
[Source "ChessBase"]
[SourceDate "2005.11.24"]
[SourceVersion "1"]
[SourceVersionDate "2005.11.24"]
[SourceQuality "1"]

1. d4 d5 2. c4 e6 3. Nc3 f5 4. cxd5 exd5 5. Nf3 c6 6. g3 Nf6 7. Bg2 Bd6 8. O-O O-O 9. Bg5 h6 10. Bc1 Ne4 11. e3 Nd7 12. a3 Qe7 13. Nh4 Qf7 14. Ne2 g5 15. Nf3 Qe7 16. Qb3 Ndf6 17. Qd1 Bd7 18. Ra2 Be8 19. Qc2 Bh5 20. b4 Rae8 21. Nc3 Nxc3 22. Qxc3 Ne4 23. Qc2 a6 24. Ne5 Bxe5 25. dxe5 g4 26. Bb2 Qe6 27. Bd4 Ng5 28. Qc3 Nf3+ 29. Kh1 Nxe5 30. a4 Nf3 31. Bc5 Rf7 32. Rd1 Ng5 33. b5 Ne4 34. Bxe4 Qxe4+ 35. Kg1 axb5 36. axb5 cxb5 37. Bd6 Qe6 38. Qa3 Rd7 39. Bf4 Bf7 40. Rad2 Qb6 41. Rd4 Rc8 42. Qb4 Qc5 43. Qb2 Kh7 44. Kg2 Rc6 45. Qb1 Be6 46. h3 gxh3+ 47. Kxh3 Qc2 48. Kg2 Qxb1 49. Rxb1 h5 50. Rxb5 Kg6 51. Rdb4 d4 52. exd4 Bd5+ 53. Kh2 Rc2 54. Be3 Re2 55. Rb6+ Bc6 56. R4b5 Kg7 57. Rxf5 Re1 58. d5 Rxd5 59. Rf4 Rh1+ 60. Kg2 Rhd1 61. Rxc6 bxc6 62. Rc4 Rd6 0-1

[Event "Winnipeg TNT March op"]
[Site "Winnipeg CAN"]
[Date "2004.03.09"]
[Round "2"]
[White "Anderson, Collin"]
[Black "Rutter, Blair"]
[Result "1-0"]
[WhiteElo "1779"]
[BlackElo "1657"]
[PlyCount "87"]
[GameId "2160767911183661"]
[EventDate "2004.03.02"]
[EventType "swiss"]
[EventRounds "5"]
[EventCountry "CAN"]
[SourceTitle "EXT 2006"]
[Source "ChessBase"]
[SourceDate "2005.11.24"]
[SourceVersion "1"]
[SourceVersionDate "2005.11.24"]
[SourceQuality "1"]

1. d4 e6 2. e4 d5 3. Nd2 Nf6 4. e5 Nfd7 5. Bd3 c5 6. c3 Nc6 7. Ne2 Qb6 8. Nf3 Be7 9. O-O O-O 10. Qc2 f5 11. exf6 Nxf6 12. Ng5 Ne4 13. Bxe4 dxe4 14. Qxe4 Bxg5 15. Bxg5 cxd4 16. Nxd4 Nxd4 17. Qxd4 Qxb2 18. Rfb1 Qc2 19. Rb5 b6 20. Be7 Re8 21. Ba3 Bb7 22. Rg5 g6 23. h4 Rad8 24. Qf6 Rd7 25. Rc1 Qe4 26. f3 Qe3+ 27. Kh2 Rf7 28. Rxg6+ hxg6 29. Qxg6+ Rg7 30. Qxe8+ Kh7 31. Qh5+ Kg8 32. Rd1 Rxg2+ 33. Kxg2 Qe2+ 34. Kg3 Qxd1 35. Qg6+ Kh8 36. Qh6+ Kg8 37. Qf8+ Kh7 38. Qf7+ Kh8 39. Qxb7 Qe1+ 40. Kg4 Qe5 41. Qc8+ Kh7 42. Qd7+ Kg8 43. Qe8+ Kh7 44. Qh5+ 1-0

[Event "Winnipeg TNT March op"]
[Site "Winnipeg CAN"]
[Date "2004.03.09"]
[Round "2"]
[White "Anderson, George"]
[Black "Silva, T Romero"]
[Result "1-0"]
[WhiteElo "1500"]
[BlackElo "1603"]
[PlyCount "69"]
[GameId "2160767911183662"]
[EventDate "2004.03.02"]
[EventType "swiss"]
[EventRounds "5"]
[EventCountry "CAN"]
[SourceTitle "EXT 2006"]
[Source "ChessBase"]
[SourceDate "2005.11.24"]
[SourceVersion "1"]
[SourceVersionDate "2005.11.24"]
[SourceQuality "1"]

1. e4 d6 2. Nc3 Nd7 3. Bd3 c6 4. Nf3 Ngf6 5. O-O g6 6. Bc4 e6 7. d4 d5 8. Bd3 dxe4 9. Bxe4 Bg7 10. Bg5 Qa5 11. a3 O-O 12. Bd2 Qc7 13. h3 c5 14. d5 Nxe4 15. Nxe4 exd5 16. Nc3 d4 17. Nd5 Qd6 18. c4 dxc3 19. Bxc3 Bxc3 20. Nxc3 Qxd1 21. Raxd1 Nf6 22. Rfe1 Be6 23. Nb5 Bc4 24. Nd6 Ba6 25. Re7 b6 26. Ng5 Ne8 27. Ndxf7 Kg7 28. Rdd7 Nf6 29. Ne6+ Kg8 30. Nh6+ Kh8 31. Rxa7 Bc4 32. Nxf8 Rxf8 33. Ng4 Ne8 34. Rxh7+ Kg8 35. Nh6# 1-0

[Event "Winnipeg TNT March op"]
[Site "Winnipeg CAN"]
[Date "2004.03.09"]
[Round "2"]
[White "Babb, Jeff"]
[Black "Cleto, Sam"]
[Result "1/2-1/2"]
[WhiteElo "2145"]
[BlackElo "1865"]
[PlyCount "89"]
[GameId "2160767911183663"]
[EventDate "2004.03.02"]
[EventType "swiss"]
[EventRounds "5"]
[EventCountry "CAN"]
[SourceTitle "EXT 2006"]
[Source "ChessBase"]
[SourceDate "2005.11.24"]
[SourceVersion "1"]
[SourceVersionDate "2005.11.24"]
[SourceQuality "1"]

1. e4 c5 2. Nc3 a6 3. g3 Nc6 4. Bg2 d6 5. d3 Nf6 6. f4 Bg4 7. Qd2 e5 8. f5 d5 9. h3 d4 10. Nb1 c4 11. hxg4 Bb4 12. c3 Ba5 13. dxc4 Qb6 14. g5 O-O-O 15. gxf6 dxc3 16. Nxc3 Rxd2 17. Bxd2 gxf6 18. O-O-O Qf2 19. Bf1 Qb6 20. Nge2 Nb4 21. Bh6 Rd8 22. Rxd8+ Kxd8 23. Kb1 Qf2 24. Bh3 Nc6 25. Rd1+ Nd4 26. Bf1 Kc8 27. Nxd4 exd4 28. Nd5 Qf3 29. Kc2 Qxe4+ 30. Bd3 Qg2+ 31. Bd2 Bxd2 32. Rxd2 Qxg3 33. Nxf6 Qc7 34. Re2 Kb8 35. Nd5 Qa5 36. Re8+ Ka7 37. Kb1 Qd2 38. Bc2 d3 39. Ba4 Qf2 40. Nc3 Qf1+ 41. Bd1 Qxf5 42. a3 Qc5 43. Re4 f5 44. Rh4 Qc7 45. Nd5 1/2-1/2

[Event "Winnipeg TNT March op"]
[Site "Winnipeg CAN"]
[Date "2004.03.09"]
[Round "2"]
[White "Kohalmi, Andy"]
[Black "Mor, Shai"]
[Result "1-0"]
[WhiteElo "1584"]
[BlackElo "1329"]
[PlyCount "61"]
[GameId "2160767911183664"]
[EventDate "2004.03.02"]
[EventType "swiss"]
[EventRounds "5"]
[EventCountry "CAN"]
[SourceTitle "EXT 2006"]
[Source "ChessBase"]
[SourceDate "2005.11.24"]
[SourceVersion "1"]
[SourceVersionDate "2005.11.24"]
[SourceQuality "1"]

1. d4 d5 2. Nf3 Nf6 3. e3 e6 4. Bd3 Bd6 5. b3 b6 6. Bb2 Bb7 7. O-O Nbd7 8. Re1 O-O 9. Nbd2 Ne4 10. Rc1 Rc8 11. c4 Nxd2 12. Qxd2 a5 13. Bb1 Bb4 14. Qd3 f5 15. Re2 Ba6 16. Rec2 c6 17. Qd1 dxc4 18. bxc4 Be7 19. d5 Bf6 20. dxe6 Bxb2 21. Rxb2 Qf6 22. exd7 Rc7 23. Rxb6 Bb7 24. Qb3 Rb8 25. Rd1 Kh8 26. Bxf5 a4 27. Qd3 Rd8 28. c5 g6 29. Bh3 Bc8 30. Rb8 Kg7 31. Qd4 1-0

[Event "Winnipeg TNT March op"]
[Site "Winnipeg CAN"]
[Date "2004.03.09"]
[Round "2"]
[White "Melamedoff, Gustavo"]
[Black "Greenberg, Harley"]
[Result "1-0"]
[WhiteElo "2095"]
[BlackElo "1815"]
[PlyCount "107"]
[GameId "2160767911183665"]
[EventDate "2004.03.02"]
[EventType "swiss"]
[EventRounds "5"]
[EventCountry "CAN"]
[SourceTitle "EXT 2006"]
[Source "ChessBase"]
[SourceDate "2005.11.24"]
[SourceVersion "1"]
[SourceVersionDate "2005.11.24"]
[SourceQuality "1"]

1. Nf3 Nf6 2. g3 g6 3. Bg2 Bg7 4. O-O d6 5. c4 e5 6. Nc3 O-O 7. d3 Nc6 8. Rb1 a6 9. b4 Re8 10. a4 e4 11. dxe4 Nxe4 12. Nxe4 Rxe4 13. Nd2 Re8 14. Bb2 Ne5 15. h3 Be6 16. f4 Nxc4 17. Nxc4 Bxc4 18. Bxg7 Rxe2 19. Qd4 Rxg2+ 20. Kxg2 Bxf1+ 21. Rxf1 c5 22. bxc5 dxc5 23. Qxd8+ Rxd8 24. Bf6 Rd6 25. Be5 Rc6 26. a5 f6 27. Ba1 Kf7 28. Rb1 c4 29. Rxb7+ Ke6 30. Rb6 Kd5 31. Rxc6 Kxc6 32. Bxf6 Kb5 33. Bc3 Ka4 34. g4 Kb3 35. Bd2 c3 36. Be3 Kc4 37. Kf3 Kd5 38. h4 c2 39. g5 Kd6 40. Ke4 Ke6 41. Kd3 Kf5 42. Kxc2 Kg4 43. Kd3 Kxh4 44. Kc4 Kg4 45. Kc5 Kf3 46. Bc1 Ke4 47. Kb6 Kd5 48. Kxa6 Kc6 49. Be3 Kc7 50. Kb5 Kb7 51. a6+ Ka8 52. Kb6 Kb8 53. a7+ Ka8 54. Ka6 1-0

[Event "Winnipeg TNT March op"]
[Site "Winnipeg CAN"]
[Date "2004.03.09"]
[Round "2"]
[White "Reimer, Bruce"]
[Black "Degroot, Stephen"]
[Result "0-1"]
[WhiteElo "1330"]
[BlackElo "1524"]
[PlyCount "54"]
[GameId "2160767911183667"]
[EventDate "2004.03.02"]
[EventType "swiss"]
[EventRounds "5"]
[EventCountry "CAN"]
[SourceTitle "EXT 2006"]
[Source "ChessBase"]
[SourceDate "2005.11.24"]
[SourceVersion "1"]
[SourceVersionDate "2005.11.24"]
[SourceQuality "1"]

1. c4 Nf6 2. g3 g6 3. Nc3 Bg7 4. Bg2 O-O 5. e4 d6 6. d3 c5 7. Nge2 Nc6 8. O-O Rb8 9. Nd5 e6 10. Nxf6+ Bxf6 11. Rb1 Bd7 12. Bh6 Re8 13. a3 b5 14. Be3 bxc4 15. dxc4 Rxb2 16. Qxd6 Rxe2 17. Qxc5 Be7 18. Qb5 e5 19. Rfd1 Qc7 20. Qa6 Nd4 21. Bxd4 exd4 22. c5 Rc2 23. Rxd4 Qxc5 24. Rbd1 Bb5 25. Qa5 Bf6 26. R4d2 Rxd2 27. Rxd2 Qc1+ 0-1

[Event "Winnipeg TNT March op"]
[Site "Winnipeg CAN"]
[Date "2004.03.09"]
[Round "2"]
[White "Repa, Jason"]
[Black "Lipnowski, Samuel"]
[Result "1-0"]
[WhiteElo "1967"]
[BlackElo "2106"]
[PlyCount "99"]
[GameId "2160767911183668"]
[EventDate "2004.03.02"]
[EventType "swiss"]
[EventRounds "5"]
[EventCountry "CAN"]
[SourceTitle "EXT 2006"]
[Source "ChessBase"]
[SourceDate "2005.11.24"]
[SourceVersion "1"]
[SourceVersionDate "2005.11.24"]
[SourceQuality "1"]

1. f4 c5 2. Nf3 Nc6 3. e3 g6 4. Bb5 Bg7 5. O-O Nf6 6. Bxc6 dxc6 7. d3 O-O 8. Nbd2 Bg4 9. h3 Bxf3 10. Qxf3 Qc7 11. a4 b6 12. Nc4 Nd7 13. f5 Rad8 14. Rb1 b5 15. Nd2 Ne5 16. Qg3 Qb6 17. axb5 cxb5 18. b3 Nc6 19. Bb2 Bxb2 20. Rxb2 Nb4 21. Ne4 Nd5 22. Rf3 Nf6 23. Qe5 Nxe4 24. Qxe4 Rd7 25. Rb1 a5 26. Rbf1 Qb7 27. Qg4 Rd6 28. e4 Qd7 29. Rf4 a4 30. bxa4 bxa4 31. e5 Rd4 32. fxg6 Qxg4 33. gxh7+ Kxh7 34. hxg4 Kg6 35. Rxd4 cxd4 36. Ra1 Ra8 37. Kf2 f6 38. exf6 Kxf6 39. Kf3 Ke5 40. Re1+ Kd6 41. g5 Kc5 42. Ke4 e5 43. Ra1 Kb4 44. Kxe5 Kc3 45. Ra2 Ra5+ 46. Kf6 Ra6+ 47. Kg7 Kd2 48. g6 Ra7+ 49. Kh6 Ra6 50. Kh7 1-0

[Event "Winnipeg TNT March op"]
[Site "Winnipeg CAN"]
[Date "2004.03.09"]
[Round "2"]
[White "Zaczek, Jonathon"]
[Black "Schulz, Waldemar"]
[Result "0-1"]
[WhiteElo "1832"]
[BlackElo "2088"]
[PlyCount "106"]
[GameId "2160767911183669"]
[EventDate "2004.03.02"]
[EventType "swiss"]
[EventRounds "5"]
[EventCountry "CAN"]
[SourceTitle "EXT 2006"]
[Source "ChessBase"]
[SourceDate "2005.11.24"]
[SourceVersion "1"]
[SourceVersionDate "2005.11.24"]
[SourceQuality "1"]

1. e4 d6 2. d4 Nf6 3. Nc3 g6 4. f4 Bg7 5. Nf3 c6 6. Bd3 O-O 7. O-O b5 8. h3 b4 9. Ne2 Ba6 10. g4 Bxd3 11. Qxd3 Nbd7 12. Ng3 Nb6 13. Be3 Nfd7 14. g5 c5 15. c3 bxc3 16. bxc3 Qc7 17. Rac1 Rfd8 18. f5 Nc4 19. Bf4 Ndb6 20. Qe2 Qd7 21. Nd2 Nxd2 22. Qxd2 Rac8 23. Kh2 cxd4 24. cxd4 Rxc1 25. Rxc1 Rc8 26. Rxc8+ Qxc8 27. f6 Bf8 28. Nf1 Qe6 29. e5 Nd5 30. Bg3 dxe5 31. dxe5 exf6 32. exf6 h6 33. h4 Kh7 34. Qe1 Nf4 35. Qxe6 Nxe6 36. gxh6 Bxh6 37. Bf2 Bf4+ 38. Kh3 a6 39. Ne3 Nc7 40. Bg3 Bxe3 41. Bxc7 Bc5 42. Bd8 Kg8 43. Be7 Be3 44. Kg4 Bd2 45. Bd6 Ba5 46. Bc5 Bd8 47. Be7 Bxe7 48. fxe7 f5+ 49. Kg5 Kf7 50. e8=Q+ Kxe8 51. Kf4 Kf7 52. Kg5 a5 53. a4 Ke7 0-1

[Event "Winnipeg TNT March op"]
[Site "Winnipeg CAN"]
[Date "2004.03.16"]
[Round "3"]
[White "Babb, Jeff"]
[Black "Repa, Jason"]
[Result "1-0"]
[WhiteElo "2145"]
[BlackElo "1967"]
[PlyCount "91"]
[GameId "2160767911183670"]
[EventDate "2004.03.02"]
[EventType "swiss"]
[EventRounds "5"]
[EventCountry "CAN"]
[SourceTitle "EXT 2006"]
[Source "ChessBase"]
[SourceDate "2005.11.24"]
[SourceVersion "1"]
[SourceVersionDate "2005.11.24"]
[SourceQuality "1"]

1. e4 e6 2. d3 d5 3. Nd2 Nf6 4. Ngf3 c5 5. g3 Nc6 6. Bg2 Be7 7. O-O b6 8. Qe2 O-O 9. e5 Nd7 10. Re1 Ba6 11. h4 Re8 12. Nf1 h6 13. N1h2 Rc8 14. c3 f5 15. exf6 Bxf6 16. Ng4 e5 17. Qd1 e4 18. dxe4 d4 19. Bh3 Nde5 20. Ngxe5 Bxe5 21. cxd4 Bxd4 22. Bf4 Ra8 23. Qa4 Bb7 24. Rad1 Qf6 25. Bg2 Re7 26. Nxd4 Nxd4 27. Qc4+ Kh8 28. b4 Ne6 29. Bd6 Rf7 30. f4 Rc8 31. Be5 Qe7 32. Bh3 Re8 33. Bd6 Qf6 34. Be5 Qe7 35. Qxe6 Qxe6 36. Bxe6 Rxe6 37. bxc5 bxc5 38. Rc1 Ra6 39. Re2 Ra4 40. Rce1 Ba6 41. Rd2 Bb7 42. Rc1 Bxe4 43. Rxc5 Bb1 44. h5 Bxa2 45. Rc8+ Kh7 46. Rdd8 1-0

[Event "Winnipeg TNT March op"]
[Site "Winnipeg CAN"]
[Date "2004.03.16"]
[Round "3"]
[White "Cleto, Sam"]
[Black "Zaczek, Jonathon"]
[Result "0-1"]
[WhiteElo "1865"]
[BlackElo "1832"]
[PlyCount "88"]
[GameId "2160767911183671"]
[EventDate "2004.03.02"]
[EventType "swiss"]
[EventRounds "5"]
[EventCountry "CAN"]
[SourceTitle "EXT 2006"]
[Source "ChessBase"]
[SourceDate "2005.11.24"]
[SourceVersion "1"]
[SourceVersionDate "2005.11.24"]
[SourceQuality "1"]

1. g3 g6 2. c3 Bg7 3. Nf3 d6 4. Bg2 e5 5. O-O f5 6. d3 Nf6 7. Qb3 c6 8. e4 Na6 9. d4 Nxe4 10. Nbd2 Nxd2 11. Bxd2 e4 12. Ng5 d5 13. f3 Qb6 14. Qa3 Bf8 15. b4 Be7 16. fxe4 dxe4 17. Qb3 Bxg5 18. Bxg5 Nc7 19. Bxe4 Be6 20. Qc2 fxe4 21. Qxe4 Kd7 22. Be3 Nd5 23. c4 Nxe3 24. Qxe3 Bxc4 25. Qe5 Rae8 26. Qg7+ Kc8 27. Rfe1 Rxe1+ 28. Rxe1 Rd8 29. Re4 Qxb4 30. Re7 Qb1+ 31. Kf2 Qf1+ 32. Ke3 Qd3+ 33. Kf2 Qxd4+ 34. Qxd4 Rxd4 35. Rxh7 Rd7 36. Rh6 Bd3 37. Ke3 Bb1 38. a4 c5 39. a5 c4 40. Rh8+ Kc7 41. Rf8 c3 42. Rf1 c2 43. Ke2 Rd1 44. Rxd1 cxd1=Q+ 0-1

[Event "Winnipeg TNT March op"]
[Site "Winnipeg CAN"]
[Date "2004.03.16"]
[Round "3"]
[White "Degroot, Stephen"]
[Black "Pottinger, Carl"]
[Result "0-1"]
[WhiteElo "1524"]
[BlackElo "1603"]
[PlyCount "98"]
[GameId "2160767911183672"]
[EventDate "2004.03.02"]
[EventType "swiss"]
[EventRounds "5"]
[EventCountry "CAN"]
[SourceTitle "EXT 2006"]
[Source "ChessBase"]
[SourceDate "2005.11.24"]
[SourceVersion "1"]
[SourceVersionDate "2005.11.24"]
[SourceQuality "1"]

1. e4 c5 2. Nf3 d6 3. d4 cxd4 4. Nxd4 Nf6 5. Nc3 g6 6. Be3 Bg7 7. Qd2 O-O 8. f3 Nc6 9. O-O-O Bd7 10. h4 h5 11. Bh6 Nxd4 12. Bxg7 Nb3+ 13. cxb3 Kxg7 14. Be2 Rc8 15. Kb1 Qb6 16. Rdg1 Qa5 17. Qe3 Qc5 18. Qxc5 Rxc5 19. g4 Rh8 20. b4 Rcc8 21. gxh5 Nxh5 22. Nd5 e6 23. Ne3 Kf6 24. Ng4+ Ke7 25. Rd1 Nf4 26. Bf1 g5 27. e5 d5 28. b3 gxh4 29. Rd4 Ng6 30. Bd3 h3 31. Bf1 Rc3 32. Be2 a6 33. Nf2 Nxe5 34. f4 Nc6 35. Rd3 Rxd3 36. Bxd3 Nxb4 37. Be2 f6 38. a3 Nc6 39. Rh2 e5 40. fxe5 fxe5 41. Bg4 Bxg4 42. Nxg4 e4 43. Kc1 Ke6 44. Kd1 Ne5 45. Nf2 Nf3 46. Rxh3 Rxh3 47. Nxh3 Ke5 48. Ke2 Nd4+ 49. Kd2 Nxb3+ 0-1

[Event "Winnipeg TNT March op"]
[Site "Winnipeg CAN"]
[Date "2004.03.16"]
[Round "3"]
[White "Gibbons, Lorne"]
[Black "Mor, Shai"]
[Result "0-1"]
[WhiteElo "1353"]
[BlackElo "1329"]
[PlyCount "117"]
[GameId "2160767911183673"]
[EventDate "2004.03.02"]
[EventType "swiss"]
[EventRounds "5"]
[EventCountry "CAN"]
[SourceTitle "EXT 2006"]
[Source "ChessBase"]
[SourceDate "2005.11.24"]
[SourceVersion "1"]
[SourceVersionDate "2005.11.24"]
[SourceQuality "1"]

1. d4 Nf6 2. c4 d5 3. Nc3 dxc4 4. e4 Nc6 5. d5 Ne5 6. Bf4 Nd3+ 7. Bxd3 cxd3 8. Qxd3 Bd7 9. Nf3 c6 10. O-O cxd5 11. Nxd5 Nxd5 12. Qxd5 Bc6 13. Qxd8+ Rxd8 14. Rfe1 g6 15. Rac1 Bg7 16. b3 O-O 17. Kh1 Bb2 18. Rc2 Ba3 19. Ne5 Bb5 20. Rc7 Ba6 21. h3 Bb4 22. Rec1 f6 23. Nf3 Ba3 24. Rg1 Rc8 25. Nd4 e5 26. Rxc8 Rxc8 27. Bxe5 fxe5 28. Nf3 Bb2 29. Rd1 Rc1 30. Rxc1 Bxc1 31. Ne1 Bb2 32. f3 Kf7 33. Nc2 Bc3 34. Ne3 b5 35. Nd5 b4 36. a3 Bb7 37. Nxb4 Bxb4 38. axb4 Ke6 39. Kh2 Kd6 40. Kg3 Kc6 41. Kg4 Kb5 42. Kg5 Kxb4 43. Kf6 Kxb3 44. Kxe5 a5 45. Kd6 a4 46. e5 Bc8 47. e6 Bxe6 48. Kxe6 a3 49. Kf7 a2 50. Kg7 a1=Q+ 51. Kxh7 Qf6 52. h4 g5 53. h5 Kc4 54. g4 Kd5 55. h6 Qf7+ 56. Kh8 Ke6 57. f4 Kf6 58. f5 Qf8+ 59. Kh7 0-1

[Event "Winnipeg TNT March op"]
[Site "Winnipeg CAN"]
[Date "2004.03.16"]
[Round "3"]
[White "Greenberg, Harley"]
[Black "Kohalmi, Andy"]
[Result "1-0"]
[WhiteElo "1815"]
[BlackElo "1584"]
[PlyCount "53"]
[GameId "2160767911183674"]
[EventDate "2004.03.02"]
[EventType "swiss"]
[EventRounds "5"]
[EventCountry "CAN"]
[SourceTitle "EXT 2006"]
[Source "ChessBase"]
[SourceDate "2005.11.24"]
[SourceVersion "1"]
[SourceVersionDate "2005.11.24"]
[SourceQuality "1"]

1. d4 Nf6 2. c4 e6 3. Nf3 b6 4. g3 Bb7 5. Bg2 Bb4+ 6. Nbd2 d5 7. Qa4+ Nc6 8. Ne5 Be7 9. O-O Qd6 10. cxd5 exd5 11. Ndc4 Qb4 12. Qxb4 Bxb4 13. Nxc6 Bxc6 14. Bf4 Rc8 15. Rac1 Ba8 16. Ne5 c6 17. Bh3 O-O 18. Rc2 h6 19. Bxc8 Rxc8 20. h4 Ne4 21. Rfc1 c5 22. dxc5 bxc5 23. f3 g5 24. fxe4 gxf4 25. gxf4 Ba5 26. Rxc5 Rxc5 27. Rxc5 1-0

[Event "Winnipeg TNT March op"]
[Site "Winnipeg CAN"]
[Date "2004.03.16"]
[Round "3"]
[White "Rutter, Blair"]
[Black "Anderson, George"]
[Result "0-1"]
[WhiteElo "1657"]
[BlackElo "1500"]
[PlyCount "98"]
[GameId "2160767911183675"]
[EventDate "2004.03.02"]
[EventType "swiss"]
[EventRounds "5"]
[EventCountry "CAN"]
[SourceTitle "EXT 2006"]
[Source "ChessBase"]
[SourceDate "2005.11.24"]
[SourceVersion "1"]
[SourceVersionDate "2005.11.24"]
[SourceQuality "1"]

1. c4 c5 2. g3 e5 3. Bg2 Nc6 4. Nc3 f5 5. d3 Nf6 6. Nf3 d5 7. cxd5 Nxd5 8. O-O Be6 9. Qa4 Nxc3 10. bxc3 Bd7 11. Qb3 Qb6 12. Qd5 Qc7 13. Ng5 O-O-O 14. Nf7 Be8 15. Nxd8 Nxd8 16. Qb3 Bc6 17. e4 f4 18. Bd2 g5 19. g4 Qd7 20. f3 h5 21. gxh5 Rxh5 22. Qg8 Qe8 23. Kf2 Bd7 24. Qd5 g4 25. Rh1 Be6 26. fxg4 Bxd5 27. gxh5 Bc6 28. Bf3 Qd7 29. Ke2 Qh3 30. Rag1 Bd7 31. Rg5 Qe6 32. a4 Kc7 33. Rhg1 Bxa4 34. Rg8 Qe7 35. R1g6 Be8 36. Rg1 Ne6 37. Bc1 Qh4 38. R1g2 Bxh5 39. Bxh5 Qxh5+ 40. Kd2 f3 41. Rf2 Bh6+ 42. Kc2 Bxc1 43. Kxc1 a5 44. Kb2 Nf4 45. Kc2 Nh3 46. Rd2 f2 47. Rf8 Qh4 48. Rf3 c4 49. dxc4 Qxe4+ 0-1

[Event "Winnipeg TNT March op"]
[Site "Winnipeg CAN"]
[Date "2004.03.16"]
[Round "3"]
[White "Schulz, Waldemar"]
[Black "Melamedoff, Gustavo"]
[Result "1-0"]
[WhiteElo "2088"]
[BlackElo "2095"]
[PlyCount "77"]
[GameId "2160767911183676"]
[EventDate "2004.03.02"]
[EventType "swiss"]
[EventRounds "5"]
[EventCountry "CAN"]
[SourceTitle "EXT 2006"]
[Source "ChessBase"]
[SourceDate "2005.11.24"]
[SourceVersion "1"]
[SourceVersionDate "2005.11.24"]
[SourceQuality "1"]

1. Nf3 Nf6 2. g3 b6 3. Bg2 Bb7 4. O-O g6 5. b3 Bg7 6. Bb2 O-O 7. c4 c5 8. Na3 d5 9. cxd5 Bxd5 10. Nc4 Nc6 11. Ne3 e6 12. Rc1 Rc8 13. Nxd5 exd5 14. Ne5 Nxe5 15. Bxe5 Re8 16. d4 Ne4 17. Bxg7 Kxg7 18. dxc5 bxc5 19. Qd3 Qa5 20. Rc2 Qd8 21. Rd1 Qf6 22. Bxe4 dxe4 23. Qe3 Re5 24. Rdc1 Qb6 25. Rc4 Qf6 26. b4 Qe6 27. bxc5 Rh5 28. Rxe4 Qh3 29. Qd4+ Kg8 30. Rh4 Rxh4 31. Qxh4 Qxh4 32. gxh4 f5 33. Kg2 Kf7 34. Kf3 Ke6 35. Kf4 Kd5 36. c6 Rc7 37. h5 a5 38. hxg6 hxg6 39. Kg5 1-0

[Event "Winnipeg TNT March op"]
[Site "Winnipeg CAN"]
[Date "2004.03.16"]
[Round "3"]
[White "Silva, T Romero"]
[Black "Reimer, Bruce"]
[Result "1-0"]
[WhiteElo "1603"]
[BlackElo "1330"]
[PlyCount "59"]
[GameId "2160767911183677"]
[EventDate "2004.03.02"]
[EventType "swiss"]
[EventRounds "5"]
[EventCountry "CAN"]
[SourceTitle "EXT 2006"]
[Source "ChessBase"]
[SourceDate "2005.11.24"]
[SourceVersion "1"]
[SourceVersionDate "2005.11.24"]
[SourceQuality "1"]

1. d4 d5 2. c4 e6 3. Nc3 Nf6 4. Nf3 Nc6 5. Bg5 Be7 6. e3 h6 7. Bh4 O-O 8. Be2 b6 9. O-O Ba6 10. cxd5 Bxe2 11. Nxe2 Nxd5 12. Bg3 Bd6 13. Rc1 Bxg3 14. Nxg3 Nce7 15. a3 Nf6 16. Ne5 Nd7 17. Nd3 Qc8 18. Nh5 Ng6 19. Rc3 Qb7 20. Qg4 Rac8 21. Ndf4 Qe4 22. Ng3 Nf6 23. Qd1 Qb7 24. Nxg6 fxg6 25. Qb3 Rfe8 26. Rfc1 Kh7 27. Rc6 e5 28. dxe5 Rxe5 29. Qf7 Ng8 30. Rxg6 1-0

[Event "Winnipeg TNT March op"]
[Site "Winnipeg CAN"]
[Date "2004.03.23"]
[Round "4"]
[White "Anderson, George"]
[Black "Degroot, Stephen"]
[Result "1-0"]
[WhiteElo "1500"]
[BlackElo "1524"]
[PlyCount "39"]
[GameId "2160767911183678"]
[EventDate "2004.03.02"]
[EventType "swiss"]
[EventRounds "5"]
[EventCountry "CAN"]
[SourceTitle "EXT 2006"]
[Source "ChessBase"]
[SourceDate "2005.11.24"]
[SourceVersion "1"]
[SourceVersionDate "2005.11.24"]
[SourceQuality "1"]

1. e4 c5 2. b4 cxb4 3. d4 e6 4. Nf3 d6 5. Bd3 Be7 6. O-O Nf6 7. Ng5 O-O 8. Nd2 Nc6 9. Ndf3 e5 10. d5 Nd4 11. Nxd4 exd4 12. f4 Nd7 13. e5 dxe5 14. fxe5 Kh8 15. Qh5 Nf6 16. Qh4 Ng4 17. d6 Bxg5 18. Bxg5 f6 19. exf6 Qd7 20. fxg7+ 1-0

[Event "Winnipeg TNT March op"]
[Site "Winnipeg CAN"]
[Date "2004.03.23"]
[Round "4"]
[White "Mor, Shai"]
[Black "Kohalmi, Andy"]
[Result "1/2-1/2"]
[WhiteElo "1329"]
[BlackElo "1584"]
[PlyCount "114"]
[GameId "2160767911183679"]
[EventDate "2004.03.02"]
[EventType "swiss"]
[EventRounds "5"]
[EventCountry "CAN"]
[SourceTitle "EXT 2006"]
[Source "ChessBase"]
[SourceDate "2005.11.24"]
[SourceVersion "1"]
[SourceVersionDate "2005.11.24"]
[SourceQuality "1"]

1. f4 d5 2. Nc3 Nf6 3. d3 g6 4. h3 d4 5. Ne4 Bg7 6. Nf2 Nd5 7. g3 Ne3 8. Bxe3 dxe3 9. Ne4 Bxb2 10. Rb1 Bd4 11. c3 Bb6 12. Bg2 Nc6 13. Nf3 O-O 14. g4 Na5 15. d4 f5 16. gxf5 Bxf5 17. Nh2 e5 18. O-O Bxe4 19. Bxe4 exf4 20. Nf3 Qe7 21. Bd3 Rad8 22. Qa4 Qd7 23. Rb5 a6 24. Rxa5 Bxa5 25. Qxa5 b5 26. Kh2 Qe6 27. Rg1 Rd5 28. Rg5 Rxg5 29. Nxg5 Qd6 30. Nf3 Rf6 31. Qb4 Qxb4 32. cxb4 Rc6 33. Ne1 Rc1 34. Nc2 Kg7 35. Kg2 Kf6 36. h4 h6 37. d5 g5 38. hxg5+ hxg5 39. Nd4 Ke5 40. Nf3+ Kxd5 41. Nxg5 Ra1 42. Kf3 Rf1+ 43. Kg2 Rd1 44. Kf3 Ke5 45. Nf7+ Kd4 46. Ng5 Rxd3 47. exd3 Kxd3 48. Kxf4 e2 49. Nf3 Kc3 50. Ke3 Kxb4 51. Kxe2 Ka3 52. Kd3 c5 53. Nd2 Kxa2 54. Kc3 a5 55. Nb3 b4+ 56. Kc4 a4 57. Nxc5 b3 1/2-1/2